[Event "2007 Northern Alberta Open"]
[Site "Edmonton"]
[Date "2007.02.18"]
[Round "5"]
[White "Zeggelaar, Mike"]
[Black "Sekuloff, Mike"]
[Result "1/2-1/2"]
[WhiteElo "1392"]
[BlackElo "1693"]
[PlyCount "117"]
[EventDate "2007.02.17"]
[EventType "swiss"]
[EventRounds "5"]
[EventCountry "CAN"]

1. e4 e6 2. d4 d5 3. exd5 exd5 4. Bd3 Nc6 5. Nf3 Bg4 6. c3 Qd7 7. O-O Nf6 8.
Re1+ Be7 9. Nbd2 O-O-O 10. b4 Bd6 11. b5 Na5 12. Qa4 b6 13. Nb3 Bxf3 14. Nxa5
Bxh2+ 15. Kf1 Bxg2+ 16. Ke2 Rhe8+ 17. Be3 Qg4+ 18. Kd2 Ne4+ 19. Bxe4 Bxe4 20.
Nc6 Rd6 21. Qxa7 Qf5 22. Rg1 Bxg1 23. Rxg1 Bc2 24. Kc1 Bb1 25. Nb4 g6 26. Kb2
Bd3 27. Na6 Kd7 28. Rg5 Rxe3 29. Rxf5 Re2+ 30. Ka3 Bxf5 31. Qxc7+ Ke6 32. c4
Rxf2 33. cxd5+ Rxd5 34. Qxb6+ Ke7 35. Qb7+ Rd7 36. Qb6 Rf3+ 37. Kb4 Rd3 38.
Qc5+ Kf6 39. Qe5+ Kg5 40. Nc5 R3xd4+ 41. Ka5 R7d5 42. Qg3+ Kh6 43. Nb3 Rd3 44.
Qh2+ Kg7 45. Qb2+ Kg8 46. Nc1 Rd2 47. Qc3 Bd7 48. a4 Bf5 49. Qg3 h5 50. Ka6 Rd8
51. b6 Bc8+ 52. b7 R2d6+ 53. Ka7 Bxb7 54. Kxb7 R8d7+ 55. Kc8 Rd8+ 56. Kc7 R8d7+
57. Kc8 Rd8+ 58. Kc7 R8d7+ 59. Kc8 1/2-1/2

[Event "Edmonton Spring Sectional A"]
[Site "Edmonton"]
[Date "2007.03.23"]
[Round "1"]
[White "Li, Zhichao"]
[Black "Hughey, Micah"]
[Result "0-1"]
[WhiteElo "2269"]
[BlackElo "2233"]
[PlyCount "136"]
[EventDate "2007.03.23"]
[EventType "tourn"]
[EventRounds "5"]
[EventCountry "CAN"]

1. d4 d5 2. c4 e6 3. Nf3 c5 4. e3 Nf6 5. cxd5 exd5 6. Bb5+ Bd7 7. Bxd7+ Nbxd7
8. O-O c4 9. Nc3 Bb4 10. Qa4 Bxc3 11. bxc3 O-O 12. Qb5 Qc7 13. a4 a6 14. Qb1
Ne4 15. Ba3 Rfb8 16. Qc2 b5 17. axb5 axb5 18. Nd2 Nxd2 19. Qxd2 Ra6 20. Bb4
Rba8 21. Rxa6 Rxa6 22. f3 Nf6 23. Qf2 h6 24. Qh4 Qb7 25. Re1 Re6 26. Kh1 Qa8
27. h3 Qe8 28. Qf2 Nh5 29. g3 Nf6 30. g4 Ra6 31. Qg3 Ra2 32. Kg1 Rd2 33. Kf1
Qa8 34. Re2 Qa1+ 35. Re1 Qa2 36. e4 dxe4 37. fxe4 Qc2 38. Qf3 Nh7 39. h4 Rh2
40. Kg1 Rxh4 41. Be7 Qh2+ 42. Kf1 f6 43. Re2 Qc7 44. e5 Qxe7 45. Qd5+ Kh8 46.
Qd6 Qf8 47. Qc6 fxe5+ 48. Rf2 Nf6 49. d5 Rxg4 50. Ke1 Qa3 51. Qc8+ Kh7 52. Qf5+
Rg6 53. Rd2 Qxc3 54. d6 e4 55. Kd1 e3 56. Rg2 Qa1+ 57. Kc2 Qa2+ 58. Kc3 Qxg2
59. Kb4 Qb2+ 60. Ka5 Qa3+ 61. Kb6 Qxd6+ 62. Ka7 Nd5 63. Qc8 Qb6+ 64. Ka8 Nc7+
65. Qxc7 Qa6+ 66. Kb8 Rb6+ 67. Qxb6 Qxb6+ 68. Ka8 Qc6+ 0-1

[Event "Edmonton Spring Sectional A"]
[Site "Edmonton"]
[Date "2007.03.24"]
[Round "2"]
[White "Yearwood, Roy"]
[Black "Li, Zhichao"]
[Result "1/2-1/2"]
[WhiteElo "2201"]
[BlackElo "2269"]
[PlyCount "65"]
[EventDate "2007.03.23"]
[EventType "tourn"]
[EventRounds "5"]
[EventCountry "CAN"]

1. e4 e5 2. Nf3 Nf6 3. Nc3 Nc6 4. a3 Bc5 5. Bc4 a6 6. d3 h6 7. Be3 Qe7 8. O-O
d6 9. Nd5 Nxd5 10. exd5 Bxe3 11. fxe3 Na5 12. Ba2 b6 13. e4 Bg4 14. Qd2 Bxf3
15. Rxf3 O-O 16. Raf1 Kh7 17. Qf2 f6 18. Bb1 Nb7 19. c3 Nc5 20. Rg3 g6 21. Bc2
f5 22. Rf3 f4 23. d4 Nd7 24. g3 fxg3 25. Rf7+ Kg8 26. Rxe7 gxf2+ 27. Rxf2 Rxf2
28. Kxf2 Rf8+ 29. Ke3 Rf7 30. Re8+ Rf8 31. Re7 Rf7 32. Re8+ Rf8 33. Re7 1/2-1/2

[Event "Edmonton Spring Sectional A"]
[Site "Edmonton"]
[Date "2007.03.24"]
[Round "3"]
[White "Li, Zhichao"]
[Black "Gardner, Robert"]
[Result "1/2-1/2"]
[WhiteElo "2269"]
[BlackElo "2308"]
[PlyCount "152"]
[EventDate "2007.03.23"]
[EventType "tourn"]
[EventRounds "5"]
[EventCountry "CAN"]

1. Nf3 Nf6 2. c4 e6 3. g3 b6 4. Bg2 Bb7 5. O-O Be7 6. Nc3 O-O 7. Re1 d5 8. cxd5
exd5 9. d4 Re8 10. Bg5 h6 11. Bxf6 Bxf6 12. Rc1 c6 13. e3 Nd7 14. b4 b5 15. Nd2
Nb6 16. a4 a6 17. a5 Nc4 18. Nxc4 bxc4 19. Na4 Be7 20. Qd2 Rb8 21. Nc5 Bc8 22.
e4 dxe4 23. Rxe4 Bg5 24. f4 Rxe4 25. Bxe4 Bf6 26. Rxc4 Qd6 27. Bf3 Bh3 28. Ne4
Qe6 29. Nxf6+ gxf6 30. d5 cxd5 31. Bxd5 Qd7 32. Rd4 Qa7 33. Qf2 Qe7 34. Bg2
Bxg2 35. Qxg2 Rxb4 36. Rxb4 Qxb4 37. Qa8+ Kg7 38. Qxa6 Qe1+ 39. Kg2 Qe4+ 40.
Kf2 Qd4+ 41. Kf3 Qd1+ 42. Ke3 Qe1+ 43. Kd4 Qd2+ 44. Kc5 Qe3+ 45. Kb4 Qd2+ 46.
Kb3 Qd1+ 47. Kc3 Qe1+ 48. Kc2 Qe4+ 49. Kd2 Qd5+ 50. Ke3 Qc5+ 51. Ke4 Qc2+ 52.
Kd5 Qa2+ 53. Kc5 Qf2+ 54. Kc6 Qc2+ 55. Kb7 Qe4+ 56. Qc6 Qe7+ 57. Kc8 Qf8+ 58.
Kd7 Qb8 59. a6 Qa7+ 60. Kc8 Kg6 61. g4 Kg7 62. h4 Kg6 63. g5 hxg5 64. fxg5 Kh7
65. gxf6 Kg6 66. Qe4+ Kxf6 67. Qb7 Qc5+ 68. Qc7 Qf5+ 69. Kb7 Kg7 70. Qc6 Qb1+
71. Ka8 Qb4 72. a7 Qb2 73. Qd5 Qb6 74. h5 Qc7 75. Qf5 Qc6+ 76. Kb8 Qb6+ 1/2-1/2

[Event "Edmonton Spring Sectional A"]
[Site "Edmonton"]
[Date "2007.03.25"]
[Round "4"]
[White "Sasata, Robert"]
[Black "Li, Zhichao"]
[Result "1-0"]
[WhiteElo "2336"]
[BlackElo "2269"]
[PlyCount "91"]
[EventDate "2007.03.23"]
[EventType "tourn"]
[EventRounds "5"]
[EventCountry "CAN"]

1. d4 d5 2. c4 c6 3. Nf3 Nf6 4. Nc3 dxc4 5. e4 b5 6. e5 Nd5 7. a4 Nxc3 8. bxc3
e6 9. Ng5 Be7 10. Qh5 Bxg5 11. Bxg5 Qa5 12. Bd2 Nd7 13. Be2 Bb7 14. O-O Qc7 15.
Bf3 a6 16. Qg5 O-O 17. Rfe1 c5 18. Re3 Bxf3 19. Rxf3 f5 20. exf6 Nxf6 21. Bf4
Ne4 22. Bxc7 Nxg5 23. Rxf8+ Rxf8 24. axb5 axb5 25. dxc5 Ne4 26. c6 Nxc3 27. Ra7
Nd5 28. Be5 Rf7 29. Rb7 Ne7 30. c7 Nc8 31. Rb8 Rf8 32. Rxb5 h5 33. Rb4 Rf5 34.
f4 g6 35. Rxc4 Kf7 36. Kf2 Ke7 37. Rd4 Rf8 38. Kg3 Re8 39. Kh4 Nb6 40. Rd8 Kf7
41. Kg5 Nc8 42. Rxe8 Kxe8 43. Kxg6 h4 44. Kg5 h3 45. gxh3 Kf7 46. h4 1-0

[Event "Edmonton Spring Sectional A"]
[Site "Edmonton"]
[Date "2007.03.25"]
[Round "5"]
[White "Li, Zhichao"]
[Black "Reeve, Jeff"]
[Result "1/2-1/2"]
[WhiteElo "2269"]
[BlackElo "2310"]
[PlyCount "148"]
[EventDate "2007.03.23"]
[EventType "tourn"]
[EventRounds "5"]
[EventCountry "CAN"]

1. d4 Nf6 2. c4 g6 3. Nc3 Bg7 4. e4 d6 5. Nf3 O-O 6. Be2 Na6 7. O-O e5 8. Rb1
exd4 9. Nxd4 Nc5 10. f3 a5 11. Be3 Re8 12. Qd2 c6 13. b3 Qe7 14. Bf2 Qe5 15.
Rfe1 Nh5 16. Rbd1 Nf4 17. Bf1 Bh6 18. Qc2 Qh5 19. Nde2 Re6 20. Ng3 Qg5 21. Nce2
Qe7 22. Bd4 Nd7 23. Kh1 Nxe2 24. Rxe2 Bf4 25. Be3 Bxe3 26. Rxe3 Nc5 27. Re2 Bd7
28. Red2 b6 29. Ne2 Rd8 30. Nc3 Bc8 31. a3 Re5 32. Ne2 Ne6 33. f4 Rh5 34. Ng3
Rxh2+ 35. Kxh2 Qh4+ 36. Kg1 Qxg3 37. Rf2 Nxf4 38. Rf3 Qg4 39. Qd2 Ne6 40. Re1
Ng5 41. Rfe3 h5 42. Qe2 Qf4 43. Qf2 Qe5 44. Qg3 Ne6 45. b4 axb4 46. axb4 Nd4
47. Rb1 Bg4 48. c5 Qxg3 49. Rxg3 bxc5 50. bxc5 dxc5 51. Rc3 Re8 52. Bd3 Be2 53.
Re1 Bxd3 54. Rxd3 Re5 55. Ra3 Kg7 56. Ra7 Ne6 57. Ra6 Ng5 58. Rxc6 Nxe4 59. Rc7
g5 60. Rf1 Nd6 61. Rc1 c4 62. Rd1 Nf5 63. Kf2 Kg6 64. Rxc4 Ne3 65. Rc6+ f6 66.
Ra1 Ng4+ 67. Kf1 Rb5 68. Rca6 h4 69. R6a4 Ne5 70. Ra5 Rb2 71. R5a2 Rb3 72. Ra3
Rb2 73. R3a2 Rb3 74. Ra3 Rb2 1/2-1/2

[Event "2007 Alberta Closed"]
[Site "Edmonton"]
[Date "2007.04.07"]
[Round "1"]
[White "Kaminski, Victor"]
[Black "Gardner, Robert"]
[Result "0-1"]
[WhiteElo "2301"]
[BlackElo "2308"]
[PlyCount "56"]
[EventDate "2007.04.07"]
[EventType "tourn"]
[EventRounds "5"]
[EventCountry "CAN"]

1. d4 Nf6 2. Bg5 e6 3. e4 c5 4. e5 h6 5. Bc1 Nd5 6. c4 Nb6 7. Be3 cxd4 8. Qxd4
Nc6 9. Qe4 f5 10. exf6 Qxf6 11. Nc3 Bb4 12. Bd2 O-O 13. O-O-O d5 14. cxd5 exd5
15. Nxd5 Nxd5 16. Bc4 Bxd2+ 17. Rxd2 Nce7 18. Bxd5+ Nxd5 19. Qxd5+ Be6 20. Qd4
Rac8+ 21. Kd1 Qg6 22. f3 Rfe8 23. Qd3 Bf5 24. Qd5+ Kh7 25. Ne2 Bc2+ 26. Ke1
Qxg2 27. Rf1 Bg6 28. Rf2 Rxe2+ 0-1

[Event "2007 Alberta Closed"]
[Site "Edmonton"]
[Date "2007.04.07"]
[Round "1"]
[White "Reeve, Jeff"]
[Black "Neven, Knut"]
[Result "0-1"]
[WhiteElo "2310"]
[BlackElo "2307"]
[PlyCount "62"]
[EventDate "2007.04.07"]
[EventType "tourn"]
[EventRounds "5"]
[EventCountry "CAN"]

1. g3 d5 2. Bg2 Nf6 3. Nf3 g6 4. O-O Bg7 5. d3 O-O 6. a3 c5 7. Nbd2 Nc6 8. e4
dxe4 9. dxe4 Bg4 10. h3 Bxf3 11. Bxf3 Qc7 12. c3 Rad8 13. Qe2 Ne5 14. Bg2 c4
15. f4 Nd3 16. Nf3 Nh5 17. Kh2 Nxc1 18. Raxc1 Rd3 19. Rcd1 g5 20. Rxd3 cxd3 21.
Qxd3 gxf4 22. e5 Rd8 23. Qf5 Nxg3 24. Qxf4 Nxf1+ 25. Bxf1 Qc5 26. Qe4 h6 27. e6
Qd6+ 28. Kh1 Qxe6 29. Qxb7 Qd5 30. Qxd5 Rxd5 31. Kg2 Rd1 0-1

[Event "2007 Alberta Closed"]
[Site "Edmonton"]
[Date "2007.04.07"]
[Round "2"]
[White "Gardner, Robert"]
[Black "Reeve, Jeff"]
[Result "0-1"]
[WhiteElo "2308"]
[BlackElo "2310"]
[PlyCount "76"]
[EventDate "2007.04.07"]
[EventType "tourn"]
[EventRounds "5"]
[EventCountry "CAN"]

1. e4 c5 2. Nf3 d6 3. d4 cxd4 4. Nxd4 Nf6 5. Nc3 Nc6 6. Bg5 e6 7. Qd2 a6 8. f3
Bd7 9. O-O-O b5 10. g4 Be7 11. Bxf6 gxf6 12. f4 b4 13. Nce2 Qb6 14. Nxc6 Bxc6
15. Bg2 O-O-O 16. Nd4 Bb7 17. f5 e5 18. Ne2 Kb8 19. Kb1 Rc8 20. b3 Qa5 21. Ng3
Rc3 22. Bf1 Rhc8 23. Bd3 Qc5 24. Ne2 d5 25. Nxc3 bxc3 26. Qc1 Qa5 27. Rde1 d4
28. a4 Bc6 29. Ka2 Bxa4 30. Qa1 Bb5+ 31. Kb1 Ba3 32. Rd1 Qb4 33. Rhg1 Rc5 34.
Bxb5 Rxb5 35. g5 Ra5 36. g6 Bb2 37. Qxb2 cxb2 38. c3 Qxb3 0-1

[Event "2007 Alberta Closed"]
[Site "Edmonton"]
[Date "2007.04.07"]
[Round "2"]
[White "Mitrovic, Sinisa"]
[Black "Neven, Knut"]
[Result "1-0"]
[WhiteElo "2280"]
[BlackElo "2307"]
[PlyCount "83"]
[EventDate "2007.04.07"]
[EventType "tourn"]
[EventRounds "5"]
[EventCountry "CAN"]

1. e4 e6 2. d4 d5 3. Nc3 Bb4 4. Nge2 dxe4 5. a3 Be7 6. Nxe4 Nf6 7. Qd3 Nxe4 8.
Qxe4 Nd7 9. Bd2 Nf6 10. Qd3 b6 11. O-O-O Bb7 12. f3 O-O 13. h4 c5 14. Be3 Qc8
15. dxc5 Rd8 16. Qc4 Rxd1+ 17. Kxd1 Nd5 18. Bf2 Qd7 19. Qd3 bxc5 20. Kc1 c4 21.
Qxc4 Rc8 22. Qd3 Qa4 23. Bd4 f5 24. Nc3 Nxc3 25. Bxc3 Bxh4 26. Rxh4 Qxh4 27.
Qd7 Qf4+ 28. Kb1 Qc7 29. Qxe6+ Qf7 30. Qe5 Bd5 31. Bd3 Be6 32. b4 Re8 33. Kb2
Kh8 34. Bd4 Rc8 35. b5 h5 36. Qe3 Bc4 37. Bxf5 Rc7 38. Qg5 Rb7 39. a4 Bxb5 40.
Qh6+ Kg8 41. Qh7+ Kf8 42. Bc5+ 1-0

[Event "2007 Alberta Closed"]
[Site "Edmonton"]
[Date "2007.04.07"]
[Round "3"]
[White "Kaminski, Victor"]
[Black "Mitrovic, Sinisa"]
[Result "1-0"]
[WhiteElo "2301"]
[BlackElo "2280"]
[PlyCount "59"]
[EventDate "2007.04.07"]
[EventType "tourn"]
[EventRounds "5"]
[EventCountry "CAN"]

1. c4 e5 2. g3 d5 3. cxd5 Qxd5 4. Nf3 Nc6 5. Nc3 Qd6 6. Bg2 Bf5 7. d3 f6 8. O-O
Qd7 9. Qa4 g5 10. Be3 a6 11. Rfd1 g4 12. Nh4 Be6 13. Rac1 Nge7 14. Ne4 Nd5 15.
d4 f5 16. Nf6+ Nxf6 17. Rxc6 Be7 18. Qc2 O-O-O 19. Rxa6 bxa6 20. Bc6 Qd6 21.
Qa4 a5 22. Qb5 Rdf8 23. Qb7+ Kd8 24. Qa8+ Bc8 25. Nxf5 Qe6 26. dxe5+ Bd6 27.
Nxd6 Ke7 28. exf6+ Rxf6 29. Nxc8+ Rxc8 30. Qb7 1-0

[Event "2007 Alberta Closed"]
[Site "Edmonton"]
[Date "2007.04.07"]
[Round "3"]
[White "Neven, Knut"]
[Black "Gardner, Robert"]
[Result "1/2-1/2"]
[WhiteElo "2307"]
[BlackElo "2308"]
[PlyCount "118"]
[EventDate "2007.04.07"]
[EventType "tourn"]
[EventRounds "5"]
[EventCountry "CAN"]

1. e4 d6 2. d4 Nf6 3. Nc3 g6 4. Bg5 Bg7 5. Qd2 h6 6. Bf4 g5 7. Bg3 Nh5 8. Bc4
Nc6 9. Nge2 Bd7 10. O-O-O e6 11. f3 Nxg3 12. hxg3 Qe7 13. Bb5 O-O-O 14. Bxc6
Bxc6 15. d5 Bd7 16. Qe3 Kb8 17. Nd4 c5 18. Nb3 exd5 19. Nxd5 Qe5 20. Qc3 Qxc3
21. bxc3 Be6 22. c4 f5 23. exf5 Bxf5 24. g4 Be6 25. Nd2 b5 26. Ne7 Kc7 27. cxb5
Rb8 28. c4 a6 29. Rhe1 Kd7 30. Nc6 axb5 31. Nxb8+ Rxb8 32. Ne4 Bd4 33. cxb5
Rxb5 34. Re2 Ra5 35. Rxd4 cxd4 36. Nf6+ Ke7 37. Ng8+ Kf7 38. Nxh6+ Kf6 39. Kb1
d3 40. Rd2 Bxa2+ 41. Kb2 Bc4 42. Kc3 d5 43. Kd4 Ra1 44. Nf5 Re1 45. Ne3 Re2 46.
Rxe2 dxe2 47. Nc2 Ke6 48. g3 Kf6 49. Ne1 Ke6 50. f4 gxf4 51. gxf4 Kf6 52. Nf3
Ke6 53. Ke3 Kd6 54. Kd2 Kc5 55. Ng1 Kd4 56. Nxe2+ Ke4 57. f5 d4 58. f6 Ke5 59.
g5 Kf5 1/2-1/2

[Event "2007 Alberta Closed"]
[Site "Edmonton"]
[Date "2007.04.08"]
[Round "4"]
[White "Kaminski, Victor"]
[Black "Reeve, Jeff"]
[Result "0-1"]
[WhiteElo "2301"]
[BlackElo "2310"]
[PlyCount "82"]
[EventDate "2007.04.07"]
[EventType "tourn"]
[EventRounds "5"]
[EventCountry "CAN"]

1. d4 Nf6 2. Nf3 g6 3. c4 Bg7 4. g3 O-O 5. Nc3 d6 6. Bg2 Nbd7 7. O-O e5 8. e4
exd4 9. Nxd4 Re8 10. h3 a6 11. Re1 Rb8 12. a4 Ne5 13. b3 Bd7 14. Be3 Qc8 15.
Kh2 h5 16. Rc1 Nc6 17. Qd2 Nxd4 18. Bxd4 Be6 19. f4 Qd8 20. Nd5 c6 21. Bb6 Qd7
22. Nc7 Rec8 23. Nxe6 fxe6 24. Red1 d5 25. e5 Ne8 26. Qc2 Qf7 27. cxd5 cxd5 28.
Qxc8 Rxc8 29. Rxc8 h4 30. Bf2 Bh6 31. Rdc1 Kh7 32. Bb6 hxg3+ 33. Kh1 Ng7 34.
Be3 Bxf4 35. Bxf4 Qxf4 36. R8c7 Kh6 37. Rf1 Qxe5 38. Rxb7 Nf5 39. Rb4 d4 40.
Rc1 Qe2 41. Rb6 d3 0-1

[Event "2007 Alberta Closed"]
[Site "Edmonton"]
[Date "2007.04.08"]
[Round "4"]
[White "Mitrovic, Sinisa"]
[Black "Gardner, Robert"]
[Result "0-1"]
[WhiteElo "2280"]
[BlackElo "2308"]
[PlyCount "74"]
[EventDate "2007.04.07"]
[EventType "tourn"]
[EventRounds "5"]
[EventCountry "CAN"]

1. e4 d6 2. d4 Nf6 3. Bd3 e5 4. c3 d5 5. dxe5 Nxe4 6. Nd2 Nc5 7. Bc2 Nc6 8. f4
d4 9. Nb3 Nxb3 10. axb3 Be6 11. Nf3 Bc5 12. b4 Bb6 13. b5 Ne7 14. Nxd4 Bxd4 15.
cxd4 Bc4 16. Be4 Nd5 17. Qf3 c6 18. bxc6 bxc6 19. b3 Bb5 20. Ba3 Qa5+ 21. Kf2
Qd2+ 22. Kg3 Be2 23. Qf2 g5 24. f5 Qc3+ 25. Bf3 Bxf3 26. gxf3 Ne3 27. Bb2 Nxf5+
28. Kh3 g4+ 29. Kxg4 Ne3+ 30. Kh4 Qxb3 31. d5 Rb8 32. Rxa7 Qc4+ 33. Kh3 Qf4 34.
Ba3 Qf5+ 35. Kh4 Qf4+ 36. Kh3 Rg8 37. Qg3 Rxg3+ 0-1

[Event "2007 Alberta Closed"]
[Site "Edmonton"]
[Date "2007.04.08"]
[Round "5"]
[White "Neven, Knut"]
[Black "Kaminski, Victor"]
[Result "1/2-1/2"]
[WhiteElo "2307"]
[BlackElo "2301"]
[PlyCount "122"]
[EventDate "2007.04.07"]
[EventType "tourn"]
[EventRounds "5"]
[EventCountry "CAN"]

1. e4 c6 2. d4 d5 3. exd5 cxd5 4. Bd3 Nc6 5. c3 Nf6 6. Nf3 Bg4 7. h3 Bh5 8.
Nbd2 e6 9. Qb3 a6 10. O-O Bg6 11. Bxg6 hxg6 12. Ne5 Qc7 13. Ndf3 Nxe5 14. Nxe5
Bd6 15. f4 Ne4 16. Rf3 O-O 17. Be3 Kh7 18. Raf1 f5 19. Qd1 Bxe5 20. dxe5 Qc4
21. Qb3 Qxb3 22. axb3 d4 23. Bxd4 Nd2 24. R3f2 Nxf1 25. Rxf1 g5 26. fxg5 f4 27.
Kf2 Kg6 28. Kf3 Kxg5 29. Ke2 Rf5 30. b4 Rd8 31. Rf3 Kh4 32. Rd3 Kh5 33. c4 g5
34. c5 g4 35. hxg4+ Kxg4 36. Rc3 Rc8 37. Rb3 Rcf8 38. b5 axb5 39. Rxb5 R8f7 40.
Rb6 Re7 41. b4 Rff7 42. Bf2 Rh7 43. b5 Rh8 44. c6 bxc6 45. Rxc6 Ra8 46. b6 Ra4
47. Kd3 Kf5 48. Bd4 Rd7 49. Rc4 Rxc4 50. Kxc4 Ke4 51. Bc3 Rg7 52. Kc5 Rxg2 53.
b7 Rg8 54. Kd6 Rb8 55. Kc7 Rxb7+ 56. Kxb7 f3 57. Be1 Kxe5 58. Kc6 Kf4 59. Bf2
e5 60. Kd5 e4 61. Kd4 e3 1/2-1/2

[Event "2007 Alberta Closed"]
[Site "Edmonton"]
[Date "2007.04.08"]
[Round "5"]
[White "Reeve, Jeff"]
[Black "Mitrovic, Sinisa"]
[Result "1-0"]
[WhiteElo "2310"]
[BlackElo "2280"]
[PlyCount "75"]
[EventDate "2007.04.07"]
[EventType "tourn"]
[EventRounds "5"]
[EventCountry "CAN"]

1. e4 e5 2. Nf3 Nc6 3. Bb5 a6 4. Bxc6 dxc6 5. O-O f6 6. d4 exd4 7. Nxd4 c5 8.
Nb3 Qxd1 9. Rxd1 Bd7 10. Be3 b6 11. Nc3 O-O-O 12. a4 a5 13. f4 Ne7 14. Nd2 Bg4
15. Nf3 Nc6 16. Rxd8+ Kxd8 17. Rd1+ Kc8 18. Nb5 Be7 19. Kf2 Re8 20. h3 Be6 21.
f5 Bc4 22. Bf4 Bd8 23. Nc3 Nb4 24. Rd2 c6 25. g4 Bc7 26. Kg3 Na2 27. Nxa2 Bxa2
28. Bxc7 Kxc7 29. Kf4 b5 30. e5 Bd5 31. axb5 Bxf3 32. Kxf3 cxb5 33. e6 Rd8 34.
Rxd8 Kxd8 35. Ke4 a4 36. c3 b4 37. cxb4 cxb4 38. Kd3 1-0

[Event "Edmonton International Qualifier"]
[Site "Edmonton"]
[Date "2007.04.28"]
[Round "2"]
[White "Rekhson, Vladislav"]
[Black "Gardner, Robert"]
[Result "1/2-1/2"]
[WhiteElo "2192"]
[BlackElo "2305"]
[PlyCount "63"]
[EventDate "2007.04.28"]
[EventType "swiss"]
[EventRounds "5"]
[EventCountry "CAN"]

1. e4 d6 2. d4 Nf6 3. Nc3 g6 4. Be3 c6 5. h3 Nbd7 6. f4 e5 7. Nf3 Qc7 8. Bd3
Bh6 9. Qd2 exd4 10. Nxd4 Nc5 11. g4 Bg7 12. g5 Nh5 13. f5 Be5 14. O-O-O Bd7 15.
Nf3 Nxd3+ 16. Qxd3 Bxc3 17. Qxc3 O-O-O 18. Qa3 b6 19. Rxd6 gxf5 20. Rhd1 Rhe8
21. exf5 Ng3 22. Kb1 Rxe3 23. Qxe3 Nxf5 24. Rxd7 Rxd7 25. Qe8+ Qd8 26. Qxd8+
Kxd8 27. Rxd7+ Kxd7 28. Ne5+ Kd6 29. Nxf7+ Ke6 30. Nd8+ Kd7 31. Nf7 Ke6 32.
Nd8+ 1/2-1/2

[Event "Edmonton International Qualifier"]
[Site "Edmonton"]
[Date "2007.04.28"]
[Round "2"]
[White "Zeggelaar, Mike"]
[Black "Seehagen, Terry"]
[Result "0-1"]
[WhiteElo "1504"]
[BlackElo "1626"]
[PlyCount "36"]
[EventDate "2007.04.28"]
[EventType "swiss"]
[EventRounds "5"]
[EventCountry "CAN"]

1. d4 Nf6 2. c4 e5 3. dxe5 Ng4 4. Nf3 Bc5 5. e3 Nc6 6. Nc3 O-O 7. Be2 a5 8. Ne4
Ba7 9. e6 f5 10. exd7 Bxd7 11. Qd5+ Kh8 12. Nfg5 Qe7 13. Qd1 Rad8 14. b3 f4 15.
O-O fxe3 16. Qc2 Bf5 17. Qc3 exf2+ 18. Nxf2 Nxf2 0-1

[Event "Edmonton International Qualifier"]
[Site "Edmonton"]
[Date "2007.04.28"]
[Round "3"]
[White "Gardner, Robert"]
[Black "Mrugala, David"]
[Result "1-0"]
[WhiteElo "2305"]
[BlackElo "2067"]
[PlyCount "91"]
[EventDate "2007.04.28"]
[EventType "swiss"]
[EventRounds "5"]
[EventCountry "CAN"]

1. f4 d5 2. Nf3 Nf6 3. g3 c5 4. Bg2 Nc6 5. O-O e6 6. d3 b6 7. c4 Bb7 8. cxd5
Nxd5 9. Nc3 Be7 10. Nxd5 exd5 11. e3 O-O 12. b3 Bf6 13. Rb1 Re8 14. d4 Ba6 15.
Rf2 Rc8 16. Ne5 cxd4 17. exd4 Qd6 18. a3 Rc7 19. Bb2 Bc8 20. Rc1 Bf5 21. Bf1
Nd8 22. Bb5 Rxc1 23. Bxc1 Re7 24. g4 Be4 25. g5 Bxe5 26. dxe5 Qc5 27. a4 g6 28.
Bb2 Ne6 29. Qc1 Rc7 30. Qxc5 Rxc5 31. b4 Rc2 32. Rxc2 Bxc2 33. a5 Nc7 34. Bf1
b5 35. Kf2 a6 36. Ke3 Ne6 37. Bh3 Kf8 38. Bxe6 fxe6 39. Kd4 Ke7 40. Kc5 Kd7 41.
Kb6 Bb3 42. Kxa6 Kc6 43. Bd4 Bc4 44. Bb6 d4 45. Bxd4 Kc7 46. Ka7 1-0

[Event "Edmonton International Qualifier"]
[Site "Edmonton"]
[Date "2007.04.28"]
[Round "3"]
[White "Pradzinski, Tim"]
[Black "Yearwood, Roy"]
[Result "1-0"]
[WhiteElo "1865"]
[BlackElo "2206"]
[PlyCount "77"]
[EventDate "2007.04.28"]
[EventType "swiss"]
[EventRounds "5"]
[EventCountry "CAN"]

1. e4 c5 2. Nf3 Nc6 3. d4 cxd4 4. Nxd4 Nf6 5. Nc3 e5 6. Nxc6 bxc6 7. Bc4 Bb4 8.
O-O O-O 9. Bg5 Rb8 10. Bb3 h6 11. Bh4 g5 12. Bg3 Qe7 13. Re1 d6 14. Qd3 Kg7 15.
Rad1 Nd7 16. a3 Bc5 17. Ba4 Rb6 18. b4 Bd4 19. Ne2 Ba6 20. Nxd4 exd4 21. Qxd4+
Ne5 22. Qxd6 Qxd6 23. Rxd6 Nc4 24. Rxc6 Nxa3 25. Rxb6 axb6 26. h4 Bc4 27. c3 b5
28. Bd1 Re8 29. hxg5 hxg5 30. f3 Nb1 31. Bf2 Kg6 32. Bd4 Na3 33. Kf2 Ra8 34.
Rh1 Nb1 35. Kg3 Ra2 36. f4 gxf4+ 37. Kxf4 Na3 38. Bh5+ Kh7 39. Bxf7# 1-0

[Event "Edmonton International Qualifier"]
[Site "Edmonton"]
[Date "2007.04.29"]
[Round "4"]
[White "Kazakevich, Anastasia"]
[Black "Li, Zhichao"]
[Result "0-1"]
[WhiteElo "2114"]
[BlackElo "2254"]
[PlyCount "112"]
[EventDate "2007.04.28"]
[EventType "swiss"]
[EventRounds "5"]
[EventCountry "CAN"]

1. d4 d5 2. c4 c6 3. Nc3 dxc4 4. e3 b5 5. a4 b4 6. Na2 a5 7. Bxc4 Nf6 8. Nf3 e6
9. O-O Be7 10. Bd2 O-O 11. Nc1 Ba6 12. Bxa6 Nxa6 13. Nb3 Qb6 14. Rc1 Nd7 15. e4
Rfc8 16. Be3 Qd8 17. Qe2 c5 18. dxc5 Naxc5 19. Nxc5 Bxc5 20. Rfd1 Bxe3 21. Qxe3
Qe7 22. Nd2 Nc5 23. b3 h6 24. h3 Rc6 25. Nc4 Qc7 26. e5 Nxa4 27. Nxa5 Rxa5 28.
Rxc6 Qxc6 29. bxa4 Qxa4 30. Rd8+ Kh7 31. Qe4+ g6 32. Qf3 Qa1+ 33. Rd1 Qxe5 34.
Qxf7+ Qg7 35. Qxe6 Ra1 36. Rxa1 Qxa1+ 37. Kh2 Qa7 38. Qb3 Qb7 39. f3 Kg7 40. h4
Qb5 41. g3 Kf6 42. Kg2 Ke5 43. Qe3+ Kd6 44. Qxh6 Qe2+ 45. Kh3 Qe6+ 46. g4 b3
47. Qd2+ Kc5 48. Qa5+ Kc4 49. Qa4+ Kd3 50. Qb5+ Ke3 51. Kg2 Kd2 52. Kh3 Qe3 53.
Qb4+ Ke2 54. Qc4+ Kf2 55. Kh2 Qe5+ 56. Kh1 Qa1+ 0-1

[Event "Edmonton International Qualifier"]
[Site "Edmonton"]
[Date "2007.04.29"]
[Round "4"]
[White "Pradzinski, Tim"]
[Black "Boik, Andrew"]
[Result "0-1"]
[WhiteElo "1865"]
[BlackElo "2154"]
[PlyCount "94"]
[EventDate "2007.04.28"]
[EventType "swiss"]
[EventRounds "5"]
[EventCountry "CAN"]

1. e4 c5 2. Nf3 d6 3. d4 cxd4 4. Nxd4 Nf6 5. Nc3 a6 6. Bg5 e6 7. f4 Qb6 8. Qd2
Qxb2 9. Nb3 Qa3 10. Bd3 Be7 11. O-O Nbd7 12. Rf3 Qb4 13. Re1 e5 14. f5 Qb6+ 15.
Be3 Qc7 16. Bg5 b5 17. Bxf6 Nxf6 18. Nd5 Nxd5 19. exd5 Bb7 20. Be4 Rc8 21. f6
Bxf6 22. Rxf6 gxf6 23. Qh6 Rg8 24. Qxf6 Qe7 25. Qf3 Rc4 26. Na5 Ra4 27. Nc6
Bxc6 28. dxc6 Kd8 29. Rd1 f5 30. Bd5 e4 31. Qf4 e3 32. c4 Kc7 33. Qd4 Kc8 34.
Qb6 Rxa2 35. c5 e2 36. Re1 Ra3 37. cxd6 Qe3+ 38. Qxe3 Rxe3 39. Kf2 Re5 40. Bf3
Rd8 41. d7+ Kc7 42. Rxe2 Rxe2+ 43. Kxe2 a5 44. Kd3 a4 45. Kc3 Ra8 46. Kb2 b4
47. h3 Ra5 0-1

[Event "May Sectional A"]
[Site "Edmonton"]
[Date "2007.05.19"]
[Round "1"]
[White "Haessel, Dale"]
[Black "Gardner, Robert"]
[Result "1-0"]
[WhiteElo "2256"]
[BlackElo "2305"]
[PlyCount "101"]
[EventDate "2007.05.19"]
[EventType "tourn"]
[EventRounds "5"]
[EventCountry "CAN"]

1. d4 Nf6 2. c4 c5 3. d5 b5 4. cxb5 a6 5. bxa6 Bxa6 6. Nc3 d6 7. e4 Bxf1 8.
Kxf1 g6 9. g3 Bg7 10. Kg2 O-O 11. Nf3 Nbd7 12. Re1 Ra6 13. Re2 Qa8 14. a4 Rb8
15. Ra2 Ne8 16. Bg5 Kf8 17. Bf4 Rb4 18. e5 Nxe5 19. Nxe5 dxe5 20. Bxe5 Bxe5 21.
Rxe5 Rd4 22. Qe2 Nf6 23. b3 e6 24. Qb5 Nxd5 25. Qxc5+ Ne7+ 26. f3 Rd3 27. Re3
Rd8 28. a5 Rc6 29. Qe5 Nf5 30. Re4 Rdc8 31. Rc4 Rxc4 32. bxc4 Qa6 33. Ne4 Qxc4
34. Rd2 Ne3+ 35. Kf2 Nd5 36. Qh8+ Ke7 37. Qxh7 Qc1 38. Qh4+ Kd7 39. Qh7 Ke7 40.
Qh4+ Kd7 41. a6 Rc2 42. Nf6+ Kd6 43. Qb4+ Kc7 44. Qb7+ Kd6 45. Qb4+ Kc7 46.
Qb7+ Kd6 47. Qb4+ Kc7 48. Nxd5+ exd5 49. Qb7+ Kd6 50. Qxd5+ Ke7 51. Qe4+ 1-0